Datum a čas kvízu
23.5
Celkem bodů
Celkový počet nahraných bodů na tomto kvízu bez doplňovacích otázek.
15.
Pořadí na kvízu
Konečné umístění týmu na tomto kvízu.
Zaznamenané odpovědi
| # | Otázka | Odpověď | Body | Výsledky |
|---|---|---|---|---|
| 1. | V pátek se na základních a stř... | burger, panák (alkoholu) | 0 | |
| 2. | Jisté devadesátikilogramové zv... | sumec | 1 | |
| 3. | Napište jména známého muže a ž... | Jeff Bezos, Lauren Sánchez | 1 | |
| 4. | Minulý týden byly odhaleny pod... | KFC | 1 | |
| 5. | Minulý týden jsme zažili zcela... | Boca Juniors | 0 | |
| 6. | Ve filmové sérii Muži v černém... | J a K | 1 | |
| 7. | Napište originální anglický ná... | The Hangover | 1 | |
| 8. | Seřaďte jednotlivé díly filmov... | 1A 2B 3D 4C | 1 | |
| 9. | Kdo z uvedených herců nebo her... | B | 1 | |
| 10. | Závěrem se podíváme blíže na H... | z hadů | 1 |